000 00930nam0a22002651 4500
001 RU\INFOCOMM_322\NLR\5000249501
005 20250614080147.0
035 _a(NLR Aleph) 010594962
090 _a10516624
_c10516624
100 _a20130320d1961 |||y0rusy50 ca
101 1 _aeng
_crus
102 _aRU
105 _ay z||||
200 1 _aPhysics of interstellar space
_eA popular-science outline
_f[Russian text ed. by acad. V. G. Fesenkov
_gTransl. from the Russian by Mary Zirin]
210 _aM.
_cForeign languages publ. house
_d1961
215 _a232 с.
_cил.
_d20 см
300 _aНа последней с.: С. Пикельнер. Физика межзвездной среды
620 _aМосква
686 _aА4-15
_2rubbk
700 1 _aPikel'ner
_bS. B.
_gSolomon Borisovič
801 1 _aRU
_bInfocomm
_c20130320
801 0 _aRU
_bINFOCOMM
_gPSBO
852 _aNLR
_jА01 Г-3/65
942 _cBOOK
980 _aNB